000 00817cab a2200229 4500
001 WB2806-01
008 090401t1992 xxu||||| |||| 00| 0 eng d
035 _a(Sirsi) u26505
041 _aeng
245 _aJLW auction analysis
260 _c1992
350 _a0
490 _aEstates Times
_v(1128) 31 January 1992, 7
490 _aEstates Gazette
_v(9204) 1 February 1992, 79(2)
520 _aJones Lang Wootton has set up a quarterly analysis of auction results, Auction Results Analysis System, in an effort to raise the profile of commercial auctions within the mainstream investment market and attract more prime lots.
650 _aAUCTION RESULTS
650 _aCOMMERCIAL AUCTIONS
650 _aPROPERTY-COMMERCIAL PROPERTY
690 _aAuctioneering
_96218
942 _n0
948 _c04/03/1997
999 _c17816
_d17816